=LDR 00000nam 2200000 4500 =001 INLIS000000000041464 =005 20130612151010 =008 ***********************************Ind** =035 ##$$0010-061300000041464 =041 ##$$a Ind =082 ##$$a 643.5 =090 ##$$a 643.5, Set t =100 ##$$a Setiadi =245 ##$$a Tata Ruang , Rumah Keluarga, Setiadi =260 ##$$a 1982 $b Jakarta =300 ##$$a 83 hlm, Ilus, 25 cm =850 ##$$a NBPNMAT